000 00553nam a2200229Ia 4500
003 OSt
005 20230417113826.0
008 210423s2010 xx 000 0 und d
020 _a9788127266530
040 _cAL
041 _aeng
082 _a336 LEKR
_223
100 _aLEKHI (R K)
_989295
245 _aPublic finance
260 _aNew Delhi
_bKalyani Publishers
_c2010
300 _aviii,350
_bPB
365 _b375
_cINR
650 _aEconomics
_989296
650 _aPublic Finance
_989297
906 _afinance ; Public
942 _2ddc
_cBK
999 _c159436
_d159436